Normal view
MARC view
- Civieltechnisch Centrum Uitvoering Research en Regelgeving (Netherlands)
Entry Corporate Name
001 - CONTROL NUMBER
- control field: 42407
003 - CONTROL NUMBER IDENTIFIER
- control field: NUST
005 - DATE AND TIME OF LATEST TRANSACTION
- control field: 20210314132311.0
008 - FIXED-LENGTH DATA ELEMENTS
- fixed length control field: 210314|| aca||aabn | a|a d
040 ## - CATALOGING SOURCE
- Original cataloging agency: NUST
- Transcribing agency: NUST
110 ## - HEADING--CORPORATE NAME
- Corporate name or jurisdiction name as entry element: Civieltechnisch Centrum Uitvoering Research en Regelgeving (Netherlands)
670 ## - SOURCE DATA FOUND
- Source citation: Work cat.: (NUST): Building on soft soils :, 1996.
